000 01369nam a2200241Ia 4500
999 _c55450
_d55450
001 22532
003 GE_BSU
005 20210412150704.0
008 181216s2016||||ge |||||||||||||| ||geo||
040 _cGE_BSU
041 _ageo
080 _a81 ც-66
100 _aცინცაძე, თეონა
_911224
245 _aსიტყვათა თამაშის როლი ინგლისურ და ქართულენოვან მედიადისკურსში /
_cთეონა ცინცაძე; მეცნ. ხელმძღვანელი ი. გოშხეთელიანი; ბათუმის შოთა რუსთაველის სახ-ფო უნ-ტი. ჰუმანიტარულ მეცნიერებათა ფაკ-ტი.
264 _aბათუმი,
_c2016
300 _a160 გვ. ;
_b30 სმ.
504 _aბიბლ. გვ. 122-136
653 _aსიტყვათა თამაშის როლი ინგლისურ და ქართულენოვან მედიადისკურსში
653 _aფილოლოგია
653 _aდისერტაცია
700 _aგოშხეთელიანი, ი.
_eმეცნ. ხელმძღვანელი
_911204
942 _cBK
_2udc